000 00595nam a22001937a 4500
999 _c14563
_d14563
003 AR-CdUCM
008 190423b ||||| |||| 00| 0 spa d
040 _aMUNICIPALIDAD PROVINCIAL DEL CUSCO
_cBIBLIOTECA MUNICIPAL DEL CUSCO
082 _aPI / 803.08 /
_bS55
110 _aCedic International Ltd.
_933386
245 _aLa bella durmiente /
260 _aMéxico :
_bAdvanced marketing,
_c2011.
300 _a16 páginas ;
_c24 cm.
_bIlustrado,
650 _aLa bella durmiente
_933387
650 _aCuento
_94671
650 _aNIñas
_9833
942 _2ddc
_cLIBROS
945 _arah
_d23/04/2019